Datum a čas kvízu
14.5
Celkem bodů
Celkový počet nahraných bodů na tomto kvízu bez doplňovacích otázek.
3.
Pořadí na kvízu
Konečné umístění týmu na tomto kvízu.
Zaznamenané odpovědi
| # | Otázka | Odpověď | Body | Výsledky |
|---|---|---|---|---|
| 1. | Obvodní soud pro Prahu 2 v pon... | 0 | ||
| 2. | Dánsko chce na hranicích s Něm... | 0 | ||
| 3. | Kdo poslouchal dne 21. března... | 1 | ||
| 4. | Majitelé účtů v České spořitel... | 1 | ||
| 5. | Ačkoli sportovní novináři i fa... | 1 | ||
| 6. | Budeme se zabývat slovy, která... | 0 | ||
| 7. | Bezpečnostní informační služba... | 1 | ||
| 8. | Jak se jmenuje objekt, který v... | 0 | ||
| 9. | Logo které mezinárodní organiz... | 0 | ||
| 10. | Na fotce je zobrazen hrad, kte... | 1 |